Géographie - Culture Générale - Difficile #6 - Statistiques

Statistiques générales
  • Ce quiz a été pris 27 fois
    7 depuis la dernière actualisation
  • Le résultat moyen est 11 sur 20
Statistiques - réponses
Hint Réponse % Correct
Pays d'Europe dont la capitale se trouve sur le Rhin, entre la Suisse et l'Autriche. Liechtenstein
100%
Nom de l'atoll du Pacifique où les États-Unis ont testé leurs premières bombes nucléaires en 1946. Bikini
83%
Nom du désert côtier d'Afrique australe, l'un des plus anciens du monde, en Namibie et Angola. Désert du Namib
83%
Pays continental d'Afrique centrale dont la capitale est sur une île. Guinée équatoriale
83%
Nom de la rivière qui marque la frontière entre les États-Unis et le Mexique sur toute sa longueur texane. Rio Grande
83%
Pays d'Europe dont la capitale est la plus vieille république du monde, fondée en 301. Saint-Marin
83%
Île australienne au sud du détroit de Bass, État fédéré du pays. Tasmanie
83%
Ville portuaire d'Équateur, principal port du Pacifique Sud-Américain. Guayaquil
67%
Ville de Russie sur le lac Baïkal, principale ville de Sibérie centrale, arrêt majeur du Transsibérien. Irkoutsk
67%
Archipel britannique de l'Atlantique Sud, à 500 km de la côte argentine. Malouines
67%
Nom du lac salé d'Asie centrale, asséché à 90% depuis les années 1960. Mer d'Aral
67%
Pays africain dont la capitalefut surnommée "La petite Rome" par les colons italiens. Erythrée
50%
Île de l'archipel japonais des Ryūkyū, entre le Japon et Taïwan, théâtre d'une des pires batailles du Pacifique. Okinawa
50%
Ville de Chine dans le Xinjiang, la plus éloignée de tout océan sur Terre, à 2 500 km de la mer la plus proche. Urumqi
50%
Nom du col de montagne à 5 416 m reliant l'Inde au Tibet, l'un des cols routiers les plus hauts du monde. Col de Khardung La
17%
Détroit de la mer de Java séparant les îles indonésiennes de Sumatra et Java. Détroit de la sonde
17%
Île de la mer de Chine méridionale, revendiquée par la Chine, Taïwan, le Vietnam et les Philippines. Hainan
17%
Nom du lac salé d'Éthiopie dans la dépression du Danakil, dont les rives sont à −116 m d'altitude. Lac Assal
17%
Nom du plateau africain s'étendant sur l'Angola, la Zambie et la RDC, source du Congo et du Zambèze. Plateau de Katanga
17%
Fleuve africain se jetant dans l'Atlantique à Luanda, capitale de l'Angola. Kwanza
0%
Aucun quiz correspondant
Distribution des résultats
% des personnes avec chaque résultat
Percentile par nombre de réponses
Votre historique - résultats
Vous n’avez pas pris ce quiz depuis la dernière actualisation